HOTS - Heroes Of The Storm ALL Heroes (2022) - Statistics

General Stats
  • This quiz has been taken 162 times
  • The average score is 57 of 90
Answer Stats
Warcraft % Correct
Diablo
90%
Abathur
88%
The Lost Vikings
86%
Tracer
84%
Raynor
81%
Thrall
81%
Genji
78%
Zarya
78%
Kerrigan
77%
Valla
77%
Artanis
76%
Varian
76%
Kael'thas
76%
Tychus
76%
Zagara
76%
Arthas
74%
Deathwing
74%
Hanzo
74%
Tyrael
74%
Ana
73%
Anduin
73%
Lúcio
73%
Azmodan
72%
D.Va
72%
Garrosh
72%
Orphea
72%
Sonya
72%
Zeratul
72%
Auriel
71%
Qhira
71%
Sgt. Hammer
70%
Cho
69%
Illidan
69%
Jaina
69%
Kel'thuzad
69%
Li-Ming
69%
Gall
68%
LT. Morales
68%
Sylvanas
68%
Tyrande
68%
Nazeebo
67%
Nova
67%
Malfurion
66%
Murky
66%
Tassadar
66%
Mei
64%
Uther
64%
Alarak
63%
Blaze
63%
Brightwing
63%
Imperius
62%
Junkrat
62%
Malthael
62%
Probius
62%
The Butcher
62%
Xul
61%
Valeera
60%
Chen
59%
Deckard
59%
Johanna
59%
Stukov
59%
Lili
58%
Dehaka
57%
Fenix
57%
Greymane
57%
Mephisto
57%
Karazim
56%
Leoric
56%
Muradin
56%
Hogger
54%
Medivh
54%
Stitches
54%
Whitemane
54%
Anub'Arak
53%
Zul'Jin
52%
E.T.C.
51%
Rehgar
51%
Gul'dan
50%
Samuro
50%
Mal'Ganis
46%
Rexxar
43%
Chromie
40%
Maiev
40%
Ragnaros
40%
Falstad
39%
Gazlowe
39%
Lunara
36%
Yrel
36%
Alextrasza
32%
Cassia
30%
No matching quizzes found
Score Distribution
Percent of People with Each Score
Percentile by Number Answered
Your Score History
You have not taken this quiz